000 00641nam a2200241Ia 4500
003 OSt
005 20221007075654.0
006 a|||||r|||| 00| 0
007 ta
008 221006b |||||||| |||| 00| 0 eng d
024 _a17,451
037 _cTextual
040 _aFLL
_cFLL
_beng
041 _2eng
_aeng
082 _aY:4:61.2.N7, L7
100 _aDewan V.N.
_9694108
245 0 _aSecurity guide for police and public
250 _a1st
260 _aNew Delhi
_bNewman Group of Publishers India
_c1977
300 _a211p
_ccm.
942 _hY:4:61.2.N7, L7
_cTEXL
_2CC
999 _c1156962
_d1156962